Quando, Dove, Come, Perché #3 - Statistics

Statistiche generali
  • Questo quiz è stato fatto 100 volte
  • Il punteggio medio è 5 su 5
Statistiche sulle risposte
Indizio QDCP % Corretto
3 Come: americana
100%
2 Dove: lontano lontano
100%
1 Quando: 55 anni fa
100%
4 Perché: perché Neil Armstrong la piantò sul suolo lunare
98%
PAROLA Bandiera
91%
Nessun quiz corrispondente trovato
Distribuzione punteggi
Percentuale di utenti per punteggio
Percentile per numero di risposta
I tuoi punteggi nel tempo
Non hai fatto questo quiz